000 00408nam a2200145Ia 4500
003 OSt
005 20260226105112.0
008 211028s2019 xx 000 0 und d
040 _cAIMIT LIBRARY
041 _aeng
100 _aNikhil N; D'Souza, Lestan.
_g1716121
_98099
245 _aStudy on customer satisfaction at club Mahindra Resort /
260 _aMangalore
_bRajani Suresh
_c2019
942 _2ddc
_cPRO
999 _c219667
_d219667